| 000 | 00663nam a22002057a 4500 | ||
|---|---|---|---|
| 005 | 20260114124912.0 | ||
| 010 | _aENG-147454 | ||
| 020 |
_a9788119847716 _c799.00 |
||
| 035 | _aEN-130986 | ||
| 037 | _bDBAD | ||
| 082 |
_a000 _21 |
||
| 100 |
_aNiranjan, Amit Kumar _986364 |
||
| 245 |
_aReady Reckoner to UGC NET Paper 1/ _cAmit Kumar Niranjan |
||
| 250 | _a1 | ||
| 260 |
_aUttar Pradesh _bPearson india education service PVT LTD _c2026 |
||
| 270 |
_bUttar Pradesh _a1st Floor Berger Tower Plot No. C-001A/2 Sector 16B Noida _e201301 |
||
| 300 |
_avpp.; _c25cm(pb) |
||
| 500 | _aTeaching and Research Aptitude | ||
| 942 |
_2ddc _cEN _mNIR _h000 |
||
| 999 |
_c214118 _d214118 |
||